| 000 | 00363nam a22001577a 4500 | ||
|---|---|---|---|
| 999 |
_c532033 _d532033 |
||
| 003 | NUST | ||
| 005 | 20191106145110.0 | ||
| 008 | 191106b ||||| |||| 00| 0 eng d | ||
| 038 | _aMSOHAIL | ||
| 082 | _a0 | ||
| 100 |
_aICE _925300 |
||
| 245 | _a4th International Conference | ||
| 260 |
_aLondon _bThomas Telfored _cc2007 |
||
| 300 | _ap;520 | ||
| 942 |
_2ddc _cBK |
||